00513nam a2200169Ia 4500999001700000003000400017005001700021008004100038040000600079082001900085100002500104245005500129260004500184300001100229942001200240952009100252 c30010d30010OSt20250724153418.0250310s9999||||xx |||||||||||||| ||und|| c. a823.912bG7991 95911aGreene, Graham 0aThe Third Man and The Fallen Idol /cGraham Greene aLondon : bWilliam Heinemann Ltd,c1950. a195 p. cBK2ddc 00102ddc4070aCLbCLd2025-03-10o823.912 G7991pF00866r2025-03-10w2025-03-10yBK